[Event "Marmelopolis op"]
[Site "Marmelopolis"]
[Date "2024.09.08"]
[Round "6"]
[White "De Freitas, Fiorella R Santos"]
[Black "Machado, Catarina Monteiro"]
[Result "0-1"]
[WhiteElo "1765"]
[BlackElo "1701"]
[PlyCount "110"]
[EventDate "2024.09.06"]
[EventType "swiss"]
[EventRounds "6"]
[EventCountry "BRA"]
[SourceTitle "EXT 2025"]
[Source "ChessBase"]
[SourceDate "2024.10.14"]
[SourceVersion "1"]
[SourceVersionDate "2024.10.14"]
[SourceQuality "1"]

1. e4 d5 2. Bd3 dxe4 3. Bxe4 Nf6 4. Bd3 c6 5. Nf3 Bg4 6. h3 Bh5 7. 0-0 e6 8. Bc4 b5 9. Be2 Bg6 10. d4 h6 11. a4 a6 12. c4 b4 13. Qb3 Nbd7 14. Bd2 a5 15. Re1 Be7 16. Be3 0-0 17. c5 Nd5 18. Bd3 Rb8 19. Bxg6 fxg6 20. Qc2 Kh7 21. b3 Qc7 22. Nbd2 Rf7 23. Qd3 Rbf8 24. Ne4 Rf5 25. Bd2 e5 26. Ng3 R5f6 27. dxe5 Re6 28. Ne4 Nxe5 29. Nxe5 Rxe5 30. Be3 Nxe3 31. Qxe3 Qa7 32. Qd4 Rd5 33. Qe3 Bxc5 34. Nxc5 Qxc5 35. Qxc5 Rxc5 36. Rad1 Rc2 37. Rd6 Rfxf2 38. Re7 Rxg2+ 39. Kh1 Rh2+ 40. Kg1 Rxh3 41. Rdd7 Rg3+ 42. Kh1 Rh3+ 43. Kg1 Rg3+ 44. Kf1 Rf3+ 45. Ke1 Rcf2 46. Rxg7+ Kh8 47. Rh7+ Kg8 48. Rdg7+ Kf8 49. Rc7 Rf7 50. Rc8+ Ke7 51. Rxh6 Rf1+ 52. Kd2 Kd7 53. Ra8 R7f2+ 54. Kd3 Rd1+ 55. Kc4 Rc2# 0-1

[Event "Marmelopolis op"]
[Site "Marmelopolis"]
[Date "2024.09.07"]
[Round "3"]
[White "De Araujo, Julia Neves"]
[Black "De Freitas, Fiorella R Santos"]
[Result "1-0"]
[WhiteElo "1796"]
[BlackElo "1765"]
[PlyCount "59"]
[EventDate "2024.09.06"]
[EventType "swiss"]
[EventRounds "6"]
[EventCountry "BRA"]
[SourceTitle "EXT 2025"]
[Source "ChessBase"]
[SourceDate "2024.10.14"]
[SourceVersion "1"]
[SourceVersionDate "2024.10.14"]
[SourceQuality "1"]

1. e4 e5 2. Nf3 Nc6 3. Bc4 Nf6 4. Ng5 Qe7 5. Nxf7 Rg8 6. Nd6+ Qxd6 7. Bxg8 Nxg8 8. d3 Qb4+ 9. Nc3 Qc5 10. Be3 Qb4 11. Rb1 Qd6 12. 0-0 Qe7 13. Re1 a6 14. a4 d6 15. h3 Be6 16. Qd2 Qf7 17. d4 exd4 18. Bxd4 Nxd4 19. Qxd4 c6 20. e5 Rd8 21. Qe3 b5 22. axb5 axb5 23. exd6 Rxd6 24. Ne4 Rd8 25. Ng5 Rd6 26. Nxf7 Kxf7 27. Rbd1 Be7 28. Rxd6 Bxd6 29. Qxe6+ Kf8 30. Qe8# 1-0

[Event "Marmelopolis op"]
[Site "Marmelopolis"]
[Date "2024.09.06"]
[Round "2"]
[White "Magalhaes, Giovanna Almeida"]
[Black "De Freitas, Fiorella R Santos"]
[Result "1-0"]
[WhiteElo "1873"]
[BlackElo "1765"]
[PlyCount "73"]
[EventDate "2024.09.06"]
[EventType "swiss"]
[EventRounds "6"]
[EventCountry "BRA"]
[SourceTitle "EXT 2025"]
[Source "ChessBase"]
[SourceDate "2024.10.14"]
[SourceVersion "1"]
[SourceVersionDate "2024.10.14"]
[SourceQuality "1"]

1. e4 e5 2. Nf3 Nc6 3. d4 Bb4+ 4. c3 Bd6 5. Bc4 Nf6 6. Qd3 0-0 7. 0-0 h6 8. Nbd2 a6 9. a4 b6 10. b4 Bb7 11. Nb3 a5 12. b5 Na7 13. d5 c6 14. dxc6 dxc6 15. bxc6 Bxc6 16. Nbd2 Re8 17. Re1 Qd7 18. Ba3 Bxa3 19. Qxd7 Bxd7 20. Rxa3 b5 21. axb5 Nxb5 22. Bxb5 Bxb5 23. c4 Bc6 24. h3 Re6 25. Nh2 Rd6 26. Nhf1 Rd4 27. f3 Bd7 28. Rc1 Be6 29. Ra4 Nd7 30. Ra3 Nb6 31. c5 Nc4 32. Nxc4 Bxc4 33. Ne3 Bb5 34. c6 Rad8 35. c7 Rc8 36. Nd5 Kf8 37. Nb6 1-0